Villes d'origine des athlètes français des JO de 2026 - difficile - Statistiques

Statistiques générales
  • Ce quiz a été pris 7 fois
  • Le résultat moyen est 13 sur 28
Statistiques - réponses
Nombre d'athlètes Villes % Correct
5 Chambéry
100%
9 Annecy
86%
3 Grenoble
86%
2 Lyon
86%
4 Évian-les-Bains
71%
3 Marseille
71%
11 Sallanches
71%
2 Thonon-les-Bains
71%
2 Albertville
57%
5 Briançon
57%
2 Épinal
57%
2 Gap
57%
6 Pontarlier
57%
3 Amiens
43%
2 Bordeaux
43%
5 Cluses
43%
2 Montpellier
43%
10 Saint-Martin d'Hères
43%
2 Besançon
29%
2 Dijon
29%
2 Moutiers
29%
4 Bourg-Saint-Maurice
14%
2 La Tronche
14%
4 Remiremont
14%
2 Rennes
14%
2 Compiègne
0%
2 Montréal
0%
2 Reims
0%
Aucun quiz correspondant
Distribution des résultats
% des personnes avec chaque résultat
Percentile par nombre de réponses
Votre historique - résultats
Vous n’avez pas pris ce quiz